000
00265nam a2200109Ia 4500
008
240625s9999 xx 000 0 und d
041
_a
eng
082
_a
808.20 BHA
100
_a
BHALLA ABHISHEK
245
_a
STUDY ON THE TOP 5 NATIONAL TELECOM COMP
260
_c
2013
999
_c
36976
_d
36976